[Event "Nordic-ch"]
[Site "Esbjerg"]
[Date "1983.??.??"]
[Round "?"]
[White "Hansen, Curt"]
[Black "Sigurjonsson, Gudmundur"]
[Result "1/2-1/2"]
[WhiteElo "2450"]
[BlackElo "2460"]
[PlyCount "63"]
[EventDate "1983.07.??"]
[Source "ChessBase"]

1. d4 d5 2. Nf3 Nf6 3. c4 e6 4. Nc3 c6 5. Bg5 Nbd7 6. e3 Be7 7. Rc1 O-O 8. Bd3 h6 9. Bh4 dxc4 10. Bxc4 b5 11. Bd3 a6 12. a4 bxa4 13. Nxa4 Qa5+ 14. Nd2 Bb4 15. Nc3 Bb7 16. O-O c5 17. Nb3 Qb6 18. Nxc5 Bxc5 19. Na4 Qc6 20. f3 Bxd4 21. Rxc6 Bxe3+ 22. Kh1 Bxc6 23. Re1 Nd5 24. Bb1 Rfc8 25. Qd3 Nf8 26. Nc3 Bb6 27. Ne4 Ba5 28. Rg1 Bb5 29. Qb3 Rc4 30. Be1 Bxe1 31. Rxe1 Rac8 32. Qd1 1/2-1/2

[Event "Hoogovens-B"]
[Site "Wijk aan Zee"]
[Date "1971.??.??"]
[Round "?"]
[White "Brinck Claussen, Bjorn"]
[Black "Forintos, Gyozo V"]
[Result "1/2-1/2"]
[WhiteElo "2410"]
[BlackElo "2500"]
[PlyCount "40"]
[EventDate "1971.01.??"]
[Source "ChessBase"]

1. d4 Nf6 2. c4 e6 3. Nc3 d5 4. Bg5 Be7 5. e3 O-O 6. Rc1 c6 7. Nf3 h6 8. Bh4 Nbd7 9. Bd3 dxc4 10. Bxc4 b5 11. Bd3 a6 12. a4 Bb7 13. O-O Rc8 14. Qe2 Re8 15. Ne5 Nxe5 16. dxe5 Nd5 17. Bxe7 Nxc3 18. Rxc3 Qxe7 19. Bb1 Red8 20. Rd3 Qc5 1/2-1/2

[Event "15. European Team Championship"]
[Site "?"]
[Date "2005.08.05"]
[Round "7.16"]
[White "Del Rio Angelis Salvador G"]
[Black "Gunnarsson Arnar"]
[Result "1-0"]
[WhiteElo "2470"]
[BlackElo "2438"]
[PlyCount "196"]
[EventDate "2005.??.??"]
[Source "www.chesslib.no"]
[SourceDate "2004.05.04"]

1. d4 d5 2. c4 e6 3. Nc3 Nf6 4. Nf3 Be7 5. Bg5 O-O 6. e3 Nbd7 7. Rc1 c6 8. Bd3 Re8 9. O-O dxc4 10. Bxc4 Nd5 11. Ne4 Bxg5 12. Nexg5 h6 13. Ne4 Qe7 14. Qd2 b6 15. Ng3 Bb7 16. e4 Nc7 17. Qf4 Rac8 18. Rfe1 Red8 19. a3 c5 20. d5 exd5 21. exd5 Qf6 22. Nf5 Kh8 23. Rcd1 b5 24. Ba2 c4 25. Bb1 Bxd5 26. N3d4 Nf8 27. Qg3 Rd7 28. Ne3 Be6 29. Nc6 Ne8 30. Rxd7 Bxd7 31. Ne5 Be6 32. f4 Nd6 33. Rd1 Nf5 34. Bxf5 Bxf5 35. Rd6 Be6 36. f5 Rc5 37. fxe6 Qxe5 38. Qxe5 Rxe5 39. exf7 g6 40. Kf2 Re7 41. a4 Rxf7+ 42. Ke2 bxa4 43. Nxc4 Rf4 44. Rc6 h5 45. Ke3 Rg4 46. g3 Kg7 47. Ne5 Rb4 48. Nd3 a3 49. bxa3 Ra4 50. Rc3 Ne6 51. Nb2 Ra6 52. Ke4 Kf6 53. Nc4 Ra4 54. Kd5 Ng5 55. h4 Nf7 56. Rf3+ Kg7 57. Re3 g5 58. Re6 gxh4 59. gxh4 Nh6 60. Re5 Ng4 61. Rg5+ Kh6 62. Kc5 Ra6 63. Rd5 Rf6 64. a4 Nf2 65. a5 Ne4+ 66. Kb4 a6 67. Rd4 Re6 68. Rd8 Kg6 69. Rg8+ Kf5 70. Ne3+ Ke5 71. Rf8 Nf6 72. Rf7 Ke4 73. Nc4 Kf4 74. Rg7 Ng4 75. Rh7 Nf6 76. Rg7 Ng4 77. Rb7 Kg3 78. Rb6 Re4 79. Kc5 Ne5 80. Nd6 Nd7+ 81. Kc6 Ra4 82. Kxd7 Rxa5 83. Rb4 Re5 84. Rc4 Kh3 85. Nf7 Re1 86. Kd6 a5 87. Ne5 Kg3 88. Rc3+ Kg2 89. Rc4 Kg3 90. Ke6 Rb1 91. Kf5 Rb4 92. Kg5 Rb5 93. Rc3+ Kg2 94. Kf4 Rb4+ 95. Rc4 Rb3 96. Ra4 Kh3 97. Rxa5 Rg3 98. Ra1 Rg8 1-0

[Event "Balatonbereny Open"]
[Site "Balatonbereny HUN"]
[Date "1993.??.??"]
[Round "5"]
[White "Petran, Pal"]
[Black "Burmakin, Vladimir"]
[Result "1/2-1/2"]
[WhiteElo "2440"]
[BlackElo "2460"]
[PlyCount "50"]
[EventDate "1993.09.??"]
[Source "www.chesslib.no"]
[SourceDate "2004.05.04"]

1. d4 d5 2. c4 e6 3. Nf3 Nf6 4. Nc3 Be7 5. Bg5 O-O 6. e3 Nbd7 7. Rc1 h6 8. Bh4 c6 9. Bd3 Ne8 10. Bg3 Nd6 11. cxd5 exd5 12. O-O Nf6 13. Qc2 Nh5 14. b4 Nxg3 15. hxg3 Be6 16. b5 cxb5 17. Qb3 a6 18. Nxd5 Kh8 19. e4 Ne8 20. a4 Nf6 21. axb5 Nxd5 22. exd5 Bxd5 23. Bc4 Bxc4 24. Qxc4 a5 25. Ne5 Kg8 1/2-1/2

[Event "Tch (Men) 2005/2006 NED"]
[Site "?"]
[Date "2006.03.04"]
[Round "7"]
[White "Kalka Arkadius Georg"]
[Black "Levin Felix"]
[Result "0-1"]
[WhiteElo "2401"]
[BlackElo "2499"]
[PlyCount "74"]
[EventDate "2006.??.??"]
[Source "www.chesslib.no"]
[SourceDate "2004.05.04"]

1. d4 Nf6 2. c4 e6 3. Nc3 d5 4. Bg5 Be7 5. e3 Nbd7 6. Nf3 h6 7. Bh4 O-O 8. Rc1 c6 9. Bd3 dxc4 10. Bxc4 Nd5 11. Bg3 Nxc3 12. bxc3 b6 13. O-O Bb7 14. Qe2 a6 15. Rfd1 Ba3 16. Rb1 Qe7 17. Bh4 Qe8 18. Ne5 Nxe5 19. dxe5 b5 20. Qg4 Kh8 21. Qf4 Be7 22. Bf6 Bxf6 23. exf6 c5 24. fxg7+ Kxg7 25. Qe5+ Kh7 26. Rd6 Qe7 27. Bd3+ Kg8 28. Qg3+ Qg5 29. a4 Rfd8 30. Rxd8+ Rxd8 31. Bf1 Qxg3 32. hxg3 Be4 33. Rc1 bxa4 34. Ra1 Bc2 35. Bxa6 Rd1+ 36. Rxd1 Bxd1 37. Kf1 Bb3 0-1

[Event "Toth Memorial"]
[Site "Kecskemet HUN"]
[Date "1977.??.??"]
[Round "?"]
[White "Lukacs, Peter"]
[Black "Augustin, Josef"]
[Result "1/2-1/2"]
[WhiteElo "2450"]
[BlackElo "2445"]
[PlyCount "39"]
[EventDate "1977.03.??"]
[Source "www.chesslib.no"]
[SourceDate "2004.05.04"]

1. d4 Nf6 2. c4 e6 3. Nc3 d5 4. Bg5 Be7 5. e3 O-O 6. Nf3 Nbd7 7. Rc1 c6 8. Bd3 h6 9. Bh4 dxc4 10. Bxc4 b5 11. Bd3 a6 12. a4 bxa4 13. Nxa4 Qa5+ 14. Nd2 Bb4 15. Nc3 c5 16. Nb3 Qd8 17. O-O cxd4 18. Nxd4 Bb7 19. Qe2 Qb6 20. Rfd1 1/2-1/2

[Event "ARG-ch 72nd"]
[Site "Pinamar"]
[Date "2002.03.12"]
[Round "2"]
[White "Garcia Palermo, Carlos"]
[Black "Giardelli, Sergio C"]
[Result "1/2-1/2"]
[WhiteElo "2467"]
[BlackElo "2428"]
[PlyCount "31"]
[EventDate "2002.03.11"]
[Source "ChessBase"]
[SourceDate "2002.03.21"]

1. c4 Nf6 2. d4 e6 3. Nf3 d5 4. Nc3 Be7 5. Bg5 O-O 6. e3 h6 7. Bh4 c6 8. Rc1 Nbd7 9. Bd3 Re8 10. O-O b6 11. a3 Bb7 12. cxd5 Nxd5 13. Bxe7 Nxc3 14. Bxd8 Nxd1 15. Rfxd1 Rexd8 16. e4 1/2-1/2

[Event "Kragujevac"]
[Site "Kragujevac"]
[Date "1984.??.??"]
[Round "6"]
[White "Portisch, Ferenc"]
[Black "Padevsky, Nikola"]
[Result "1/2-1/2"]
[WhiteElo "2445"]
[BlackElo "2445"]
[PlyCount "27"]
[EventDate "1984.02.??"]
[Source "ChessBase"]

1. d4 Nf6 2. c4 e6 3. Nc3 d5 4. Nf3 c6 5. Bg5 Be7 6. e3 Nbd7 7. Rc1 O-O 8. Bd3 Re8 9. O-O a6 10. e4 dxe4 11. Nxe4 Nxe4 12. Bxe7 Qxe7 13. Bxe4 Nf6 14. Bb1 1/2-1/2

[Event "URS Spartakiad"]
[Site "Moscow RUS"]
[Date "1981.??.??"]
[Round "?"]
[White "Arbakov, Valentin"]
[Black "Vladimirov, Evgeny Y"]
[Result "0-1"]
[WhiteElo "2445"]
[BlackElo "2445"]
[PlyCount "128"]
[EventDate "1981.05.16"]
[Source "www.chesslib.no"]
[SourceDate "2004.05.04"]

1. d4 Nf6 2. c4 e6 3. Nf3 d5 4. Nc3 Be7 5. Bg5 O-O 6. e3 h6 7. Bh4 Nbd7 8. Rc1 c6 9. Bd3 dxc4 10. Bxc4 b5 11. Bd3 a6 12. Bb1 c5 13. Qc2 cxd4 14. exd4 Bb7 15. Ne5 g5 16. Bg3 b4 17. f3 bxc3 18. bxc3 Kg7 19. h4 Rh8 20. Nxf7 Kxf7 21. Qg6+ Kf8 22. hxg5 Qe8 23. gxf6 Nxf6 24. Rxh6 Qxg6 25. Rxh8+ Kg7 26. Bxg6 Rxh8 27. Bd3 Rh1+ 28. Kd2 Rxc1 29. Kxc1 Nd5 30. Be4 Bc8 31. Kb2 Ne3 32. Be5+ Kf7 33. f4 Nc4+ 34. Kc2 Bd7 35. Bb7 Ba4+ 36. Kd3 Bb5 37. Ke4 Na5 38. Ba8 Bf1 39. Kf3 Nc4 40. Bc7 Na3 41. d5 Bc4 42. dxe6+ Kxe6 43. Bb7 Nb5 44. Be5 Nd6 45. Bc6 Bxa2 46. g4 a5 47. Ba4 Nc4 48. Bd4 Nb2 49. Be8 Bf6 50. Ke3 Bxd4+ 51. Kxd4 a4 52. c4 a3 53. Kc3 Bxc4 54. Kc2 Nd3 55. Kb1 Nxf4 56. Ba4 Kd6 57. g5 Kc5 58. Bc2 Bf7 59. Ka1 Bg6 60. Bxg6 Nxg6 61. Kb1 Kb4 62. Ka2 Ne5 63. Kb1 Kb3 64. Ka1 Ng4 0-1